[Event "ODJM C 2025"]
[Site "Willingen GER"]
[Date "2025.06.12"]
[Round "7"]
[White "Lange, Lene Marie"]
[Black "Abram, Kristina-Maria"]
[Result "0-1"]
[Termination "normal"]
[Board "2"]
[WhiteElo "1547"]
[BlackElo "1507"]
[WhiteClock "00:30:50"]
[BlackClock "01:11:26"]
[PlyCount "106"]
[WhiteFideId "34639748"]
[BlackFideId "16298349"]
[EventCountry "GER"]
[EventRounds "9"]
[EventType "swiss"]
[EventDate "2025.06.07"]

1. d4 {[%clk 01:30:58]} {[%emt 00:00:02]} d5 {[%clk 01:30:53]} {[%emt
00:00:07]} 2. Bf4 {[%clk 01:31:19]} {[%emt 00:00:10]} h5 {[%clk 01:31:05]}
{[%emt 00:00:18]} 3. Nf3 {[%clk 01:31:11]} {[%emt 00:00:38]} Nc6 {[%clk
01:31:19]} {[%emt 00:00:16]} 4. c4 {[%clk 01:30:42]} {[%emt 00:01:00]} e6
{[%clk 01:30:37]} {[%emt 00:01:10]} 5. h3 {[%clk 01:28:48]} {[%emt 00:02:25]}
Nf6 {[%clk 01:30:45]} {[%emt 00:00:22]} 6. e3 {[%clk 01:25:54]} {[%emt
00:03:24]} Bd6 {[%clk 01:28:27]} {[%emt 00:02:47]} 7. Bg5 {[%clk 01:23:15]}
{[%emt 00:03:10]} Be7 {[%clk 01:26:42]} {[%emt 00:02:15]} 8. Nc3 {[%clk
01:21:42]} {[%emt 00:02:03]} Ne4 {[%clk 01:23:00]} {[%emt 00:04:12]} 9. Bxe7
{[%clk 01:20:41]} {[%emt 00:01:31]} Qxe7 {[%clk 01:22:48]} {[%emt 00:00:43]}
10. Bd3 {[%clk 01:19:26]} {[%emt 00:01:44]} Nxc3 {[%clk 01:22:58]} {[%emt
00:00:19]} 11. bxc3 {[%clk 01:19:25]} {[%emt 00:00:32]} Qa3 {[%clk 01:22:41]}
{[%emt 00:00:47]} 12. Qb3 {[%clk 01:15:51]} {[%emt 00:04:03]} Qxb3 {[%clk
01:21:51]} {[%emt 00:01:21]} 13. axb3 {[%clk 01:14:24]} {[%emt 00:01:57]} O-O
{[%clk 01:21:32]} {[%emt 00:00:48]} 14. O-O {[%clk 01:12:41]} {[%emt 00:02:14]}
b6 {[%clk 01:21:15]} {[%emt 00:00:47]} 15. cxd5 {[%clk 01:10:37]} {[%emt
00:02:34]} exd5 {[%clk 01:21:35]} {[%emt 00:00:09]} 16. c4 {[%clk 01:10:06]}
{[%emt 00:01:02]} Nb4 {[%clk 01:20:02]} {[%emt 00:02:01]} 17. Be2 {[%clk
01:08:17]} {[%emt 00:02:21]} Bb7 {[%clk 01:20:05]} {[%emt 00:00:23]} 18. Ne5
{[%clk 01:07:26]} {[%emt 00:01:25]} g6 {[%clk 01:18:56]} {[%emt 00:01:38]} 19.
Rfc1 {[%clk 00:56:38]} {[%emt 00:11:19]} Rfc8 {[%clk 01:15:47]} {[%emt
00:03:35]} 20. Nd3 {[%clk 00:53:44]} {[%emt 00:03:28]} Nxd3 {[%clk 01:14:57]}
{[%emt 00:01:19]} 21. Bxd3 {[%clk 00:52:56]} {[%emt 00:01:18]} a5 {[%clk
01:14:43]} {[%emt 00:00:44]} 22. f3 {[%clk 00:52:42]} {[%emt 00:00:45]} Ba6
{[%clk 01:13:37]} {[%emt 00:01:34]} 23. Rc3 {[%clk 00:48:01]} {[%emt 00:05:13]}
dxc4 {[%clk 01:13:46]} {[%emt 00:00:21]} 24. bxc4 {[%clk 00:47:32]} {[%emt
00:00:59]} Re8 {[%clk 01:13:21]} {[%emt 00:00:44]} 25. Kf2 {[%clk 00:44:47]}
{[%emt 00:03:25]} Kg7 {[%clk 01:12:27]} {[%emt 00:01:23]} 26. Rb1 {[%clk
00:43:44]} {[%emt 00:01:35]} Re6 {[%clk 01:10:03]} {[%emt 00:02:40]} 27. c5
{[%clk 00:40:26]} {[%emt 00:04:03]} Bxd3 {[%clk 01:09:23]} {[%emt 00:01:09]}
28. Rxd3 {[%clk 00:40:48]} {[%emt 00:00:07]} bxc5 {[%clk 01:09:39]} {[%emt
00:00:15]} 29. dxc5 {[%clk 00:41:03]} {[%emt 00:00:15]} a4 {[%clk 01:09:06]}
{[%emt 00:01:03]} 30. Ra3 {[%clk 00:40:32]} {[%emt 00:01:01]} Rc6 {[%clk
01:08:58]} {[%emt 00:00:31]} 31. Rc1 {[%clk 00:40:27]} {[%emt 00:00:41]} Ra5
{[%clk 01:08:31]} {[%emt 00:00:55]} 32. e4 {[%emt 00:01:17]} Kf6 {[%clk
01:08:44]} {[%emt 00:00:15]} 33. Ke3 {[%clk 00:39:38]} {[%emt 00:00:37]} Rcxc5
{[%clk 01:08:49]} {[%emt 00:00:25]} 34. Rxc5 {[%clk 00:39:50]} {[%emt
00:00:18]} Rxc5 {[%clk 01:09:16]} {[%emt 00:00:03]} 35. Rxa4 {[%clk 00:39:46]}
{[%emt 00:00:34]} Rc2 {[%clk 01:08:17]} {[%emt 00:01:25]} 36. g4 {[%clk
00:39:09]} {[%emt 00:01:11]} hxg4 {[%clk 01:08:04]} {[%emt 00:00:42]} 37. hxg4
{[%clk 00:39:23]} {[%emt 00:00:16]} Rc3+ {[%clk 01:07:50]} {[%emt 00:00:41]}
38. Kf2 {[%clk 00:38:57]} {[%emt 00:01:00]} Ke5 {[%clk 01:07:42]} {[%emt
00:00:27]} 39. Ra5+ {[%clk 00:38:51]} {[%emt 00:00:46]} Kf4 {[%clk 01:07:49]}
{[%emt 00:00:16]} 40. Ra2 {[%clk 00:37:58]} {[%emt 00:01:31]} c5 {[%clk
01:07:56]} {[%emt 00:00:23]} 41. Ra5 {[%clk 00:36:38]} {[%emt 00:01:50]} Rc2+
{[%clk 01:07:53]} {[%emt 00:00:25]} 42. Ke1 {[%clk 00:35:54]} {[%emt 00:01:22]}
Kxf3 {[%clk 01:08:13]} {[%emt 00:00:09]} 43. Kd1 {[%clk 00:36:17]} {[%emt
00:00:08]} Rc4 {[%clk 01:08:33]} {[%emt 00:00:06]} 44. Ra2 {[%clk 00:36:03]}
{[%emt 00:00:47]} Kxg4 {[%clk 01:08:30]} {[%emt 00:00:33]} 45. Rg2+ {[%clk
00:36:23]} {[%emt 00:00:11]} Kf3 {[%clk 01:08:45]} {[%emt 00:00:10]} 46. Re2
{[%clk 00:31:46]} {[%emt 00:05:11]} Rxe4 {[%clk 01:09:06]} {[%emt 00:00:09]}
47. Rc2 {[%clk 00:31:47]} {[%emt 00:00:29]} c4 {[%clk 01:09:28]} {[%emt
00:00:09]} 48. Rc3+ {[%clk 00:31:36]} {[%emt 00:00:41]} Kf4 {[%clk 01:09:48]}
{[%emt 00:00:07]} 49. Kd2 {[%clk 00:31:26]} {[%emt 00:00:44]} g5 {[%clk
01:10:07]} {[%emt 00:00:10]} 50. Kd1 {[%clk 00:31:51]} {[%emt 00:00:05]} g4
{[%clk 01:10:24]} {[%emt 00:00:12]} 51. Rc2 {[%clk 00:30:47]} {[%emt 00:01:35]}
g3 {[%clk 01:10:46]} {[%emt 00:00:08]} 52. Kc1 {[%clk 00:30:32]} {[%emt
00:00:45]} Kf3 {[%clk 01:11:00]} {[%emt 00:00:10]} 53. Rc3+ {[%clk 00:30:50]}
{[%emt 00:00:19]} Re3 {[%clk 01:11:26]} {[%emt 00:00:04]} 0-1

[Event "ODJM C 2025"]
[Site "Willingen GER"]
[Date "2025.06.12"]
[Round "7"]
[White "Wolf, Anna"]
[Black "Friede, Juan"]
[Result "1/2-1/2"]
[Termination "normal"]
[Board "3"]
[WhiteElo "1488"]
[BlackElo "1197"]
[WhiteClock "00:30:37"]
[BlackClock "00:21:22"]
[PlyCount "90"]
[WhiteFideId "34616993"]
[BlackFideId "533043760"]
[EventCountry "GER"]
[EventRounds "9"]
[EventType "swiss"]
[EventDate "2025.06.07"]

1. e4 {[%clk 01:30:57]} {[%emt 00:00:03]} e6 {[%clk 01:30:55]} {[%emt
00:00:06]} 2. d4 {[%clk 01:31:17]} {[%emt 00:00:10]} d5 {[%clk 01:31:21]}
{[%emt 00:00:04]} 3. e5 {[%clk 01:31:34]} {[%emt 00:00:13]} c5 {[%clk
01:31:46]} {[%emt 00:00:05]} 4. c3 {[%clk 01:31:50]} {[%emt 00:00:13]} Nc6
{[%clk 01:32:11]} {[%emt 00:00:07]} 5. Nf3 {[%clk 01:32:08]} {[%emt 00:00:11]}
Qb6 {[%clk 01:32:36]} {[%emt 00:00:05]} 6. a3 {[%clk 01:32:04]} {[%emt
00:00:34]} Bd7 {[%clk 01:29:24]} {[%emt 00:03:42]} 7. b4 {[%clk 01:30:34]}
{[%emt 00:02:00]} cxd4 {[%clk 01:22:47]} {[%emt 00:07:08]} 8. cxd4 {[%clk
01:30:52]} {[%emt 00:00:12]} Nge7 {[%clk 01:20:54]} {[%emt 00:02:22]} 9. Bb2
{[%clk 01:29:55]} {[%emt 00:01:27]} Nf5 {[%clk 01:16:13]} {[%emt 00:05:11]} 10.
Be2 {[%clk 01:25:56]} {[%emt 00:04:29]} Be7 {[%clk 01:14:50]} {[%emt 00:01:53]}
11. O-O {[%clk 01:25:43]} {[%emt 00:00:42]} O-O {[%clk 01:12:28]} {[%emt
00:02:52]} 12. Qd3 {[%clk 01:22:39]} {[%emt 00:03:33]} f6 {[%clk 01:05:16]}
{[%emt 00:07:44]} 13. Nbd2 {[%clk 01:16:14]} {[%emt 00:06:54]} a6 {[%clk
00:56:07]} {[%emt 00:09:40]} 14. Nb3 {[%clk 01:08:14]} {[%emt 00:08:30]} fxe5
{[%clk 00:39:50]} {[%emt 00:16:47]} 15. Nxe5 {[%clk 01:07:58]} {[%emt
00:00:45]} Nxe5 {[%clk 00:39:28]} {[%emt 00:00:52]} 16. dxe5 {[%clk 01:08:08]}
{[%emt 00:00:20]} Bb5 {[%clk 00:37:17]} {[%emt 00:02:42]} 17. Qd2 {[%clk
01:04:00]} {[%emt 00:04:37]} Bxe2 {[%clk 00:34:27]} {[%emt 00:03:20]} 18. Qxe2
{[%clk 01:04:15]} {[%emt 00:00:15]} Rac8 {[%clk 00:32:50]} {[%emt 00:02:07]}
19. Rfd1 {[%clk 00:59:54]} {[%emt 00:04:51]} Qd8 {[%clk 00:25:19]} {[%emt
00:08:01]} 20. Bd4 {[%clk 00:49:36]} {[%emt 00:10:48]} Qd7 {[%clk 00:19:53]}
{[%emt 00:05:57]} 21. Bc5 {[%clk 00:41:02]} {[%emt 00:09:03]} Rc7 {[%clk
00:17:39]} {[%emt 00:02:45]} 22. Rd3 {[%clk 00:31:26]} {[%emt 00:10:05]} Rfc8
{[%clk 00:14:01]} {[%emt 00:04:08]} 23. Rc1 {[%clk 00:21:24]} {[%emt 00:10:32]}
b6 {[%clk 00:10:38]} {[%emt 00:03:54]} 24. Be3 {[%clk 00:19:56]} {[%emt
00:01:57]} Nxe3 {[%clk 00:10:02]} {[%emt 00:01:07]} 25. Qxe3 {[%clk 00:20:01]}
{[%emt 00:00:25]} Rxc1+ {[%clk 00:10:10]} {[%emt 00:00:22]} 26. Nxc1 {[%clk
00:20:10]} {[%emt 00:00:21]} Rc4 {[%clk 00:07:42]} {[%emt 00:02:58]} 27. Ne2
{[%clk 00:17:17]} {[%emt 00:03:22]} Qc6 {[%clk 00:06:15]} {[%emt 00:01:57]} 28.
Rd1 {[%clk 00:15:41]} {[%emt 00:02:06]} Re4 {[%clk 00:06:21]} {[%emt 00:00:25]}
29. Qd3 {[%clk 00:14:27]} {[%emt 00:01:43]} Qc4 {[%clk 00:05:57]} {[%emt
00:00:55]} 30. Ng3 {[%clk 00:12:57]} {[%emt 00:01:59]} Re1+ {[%clk 00:04:43]}
{[%emt 00:01:44]} 31. Nf1 {[%clk 00:13:01]} {[%emt 00:00:27]} Rxd1 {[%clk
00:04:03]} {[%emt 00:01:10]} 32. Qxd1 {[%clk 00:13:20]} {[%emt 00:00:10]} Qc3
{[%clk 00:03:49]} {[%emt 00:00:44]} 33. Qh5 {[%clk 00:11:49]} {[%emt 00:02:01]}
g6 {[%clk 00:03:39]} {[%emt 00:00:40]} 34. Qe2 {[%clk 00:09:48]} {[%emt
00:02:31]} b5 {[%clk 00:03:05]} {[%emt 00:01:05]} 35. Qe3 {[%clk 00:09:30]}
{[%emt 00:00:48]} Qc7 {[%clk 00:02:09]} {[%emt 00:01:26]} 36. h3 {[%clk
00:09:13]} {[%emt 00:00:46]} Bf8 {[%clk 00:02:26]} {[%emt 00:00:14]} 37. Qd4
{[%clk 00:06:34]} {[%emt 00:03:09]} Bg7 {[%clk 00:02:47]} {[%emt 00:00:08]} 38.
f4 {[%clk 00:06:56]} {[%emt 00:00:08]} Kf7 {[%clk 00:02:42]} {[%emt 00:00:36]}
39. Kf2 {[%clk 00:05:57]} {[%emt 00:01:29]} Ke7 {[%clk 00:02:29]} {[%emt
00:00:42]} 40. Nd2 {[%clk 00:05:21]} {[%emt 00:01:06]} Kd7 {[%clk 00:02:43]}
{[%emt 00:00:16]} 41. Ke3 {[%clk 00:05:06]} {[%emt 00:00:45]} Bf8 {[%clk
00:28:27]} {[%emt 00:04:46]} 42. g4 {[%clk 00:34:36]} {[%emt 00:00:57]} a5
{[%clk 00:22:47]} {[%emt 00:06:13]} 43. Kd3 {[%clk 00:33:15]} {[%emt 00:01:50]}
Be7 {[%clk 00:22:16]} {[%emt 00:01:01]} 44. g5 {[%clk 00:32:19]} {[%emt
00:01:26]} a4 {[%clk 00:21:22]} {[%emt 00:01:25]} 45. Nf3 {[%clk 00:30:37]}
{[%emt 00:02:11]} Bf8 {[%emt 00:01:00]} 1/2-1/2

[Event "ODJM C 2025"]
[Site "Willingen GER"]
[Date "2025.06.12"]
[Round "7"]
[White "Fabritius, Heinrich"]
[Black "Schmidt, Eric"]
[Result "0-1"]
[Termination "normal"]
[Board "5"]
[WhiteElo "1224"]
[BlackElo "1636"]
[WhiteClock "00:18:30"]
[BlackClock "00:29:27"]
[PlyCount "54"]
[WhiteFideId "533026238"]
[BlackFideId "34695419"]
[EventCountry "GER"]
[EventRounds "9"]
[EventType "swiss"]
[EventDate "2025.06.07"]

1. d4 {[%clk 01:30:58]} {[%emt 00:00:01]} Nf6 {[%clk 01:30:55]} {[%emt
00:00:05]} 2. c4 {[%emt 00:00:14]} e6 {[%clk 01:31:16]} {[%emt 00:00:02]} 3.
Nf3 {[%clk 01:31:36]} {[%emt 00:00:15]} b6 {[%clk 01:31:41]} {[%emt 00:00:05]}
4. Bf4 {[%clk 01:31:32]} {[%emt 00:00:33]} Bb7 {[%clk 01:32:04]} {[%emt
00:00:08]} 5. e3 {[%clk 01:31:38]} {[%emt 00:00:24]} Bb4+ {[%clk 01:32:24]}
{[%emt 00:00:11]} 6. Nc3 {[%clk 01:31:35]} {[%emt 00:00:32]} Bxc3+ {[%clk
01:32:34]} {[%emt 00:00:20]} 7. bxc3 {[%clk 01:31:50]} {[%emt 00:00:15]} d6
{[%clk 01:32:45]} {[%emt 00:00:20]} 8. Bd3 {[%clk 01:31:14]} {[%emt 00:01:06]}
Nbd7 {[%clk 01:33:07]} {[%emt 00:00:08]} 9. O-O {[%clk 01:31:25]} {[%emt
00:00:19]} h6 {[%clk 01:33:05]} {[%emt 00:00:32]} 10. Qc2 {[%clk 01:29:56]}
{[%emt 00:01:58]} Qe7 {[%clk 01:29:35]} {[%emt 00:04:00]} 11. Rab1 {[%clk
01:28:43]} {[%emt 00:01:43]} Nh5 {[%clk 01:29:03]} {[%emt 00:01:01]} 12. Rfe1
{[%clk 01:25:27]} {[%emt 00:03:46]} O-O-O {[%clk 01:28:14]} {[%emt 00:01:20]}
13. Be4 {[%clk 01:21:19]} {[%emt 00:04:38]} c6 {[%clk 01:22:26]} {[%emt
00:06:17]} 14. Qa4 {[%clk 01:16:22]} {[%emt 00:05:24]} Kc7 {[%clk 01:19:56]}
{[%emt 00:03:04]} 15. h3 {[%clk 01:08:47]} {[%emt 00:08:06]} f5 {[%clk
01:17:33]} {[%emt 00:02:53]} 16. Bd3 {[%clk 01:07:42]} {[%emt 00:01:35]} g5
{[%clk 01:16:44]} {[%emt 00:01:18]} 17. Bh2 {[%clk 01:07:26]} {[%emt 00:00:45]}
c5 {[%clk 01:15:54]} {[%emt 00:01:21]} 18. dxc5 {[%clk 01:03:29]} {[%emt
00:04:26]} Nxc5 {[%clk 01:01:34]} {[%emt 00:14:48]} 19. Qc2 {[%clk 00:50:18]}
{[%emt 00:13:42]} Rhg8 {[%clk 00:55:12]} {[%emt 00:06:53]} 20. Nd4 {[%clk
00:47:05]} {[%emt 00:03:44]} f4 {[%clk 00:42:23]} {[%emt 00:13:19]} 21. e4
{[%clk 00:33:24]} {[%emt 00:14:11]} e5 {[%clk 00:36:41]} {[%emt 00:06:12]} 22.
Nf5 {[%clk 00:31:15]} {[%emt 00:02:39]} Qh7 {[%clk 00:35:10]} {[%emt 00:02:00]}
23. Kh1 {[%clk 00:25:26]} {[%emt 00:06:19]} Nf6 {[%clk 00:33:55]} {[%emt
00:01:46]} 24. f3 {[%clk 00:24:24]} {[%emt 00:01:32]} h5 {[%clk 00:32:56]}
{[%emt 00:01:28]} 25. Bf1 {[%clk 00:23:18]} {[%emt 00:01:36]} g4 {[%clk
00:31:00]} {[%emt 00:02:26]} 26. fxg4 {[%clk 00:19:46]} {[%emt 00:04:02]} hxg4
{[%clk 00:29:49]} {[%emt 00:01:42]} 27. Bg1 {[%clk 00:18:30]} {[%emt 00:01:45]}
Ncxe4 {[%clk 00:29:27]} {[%emt 00:00:52]} 0-1

[Event "ODJM C 2025"]
[Site "Willingen GER"]
[Date "2025.06.12"]
[Round "7"]
[White "Holzhäuser, Thibaut Lautaro"]
[Black "Anzinger, Simon"]
[Result "0-1"]
[Termination "normal"]
[Board "6"]
[WhiteElo "1035"]
[BlackElo "1541"]
[WhiteClock "00:57:17"]
[BlackClock "01:14:25"]
[PlyCount "74"]
[WhiteFideId "34679731"]
[BlackFideId "34698825"]
[EventCountry "GER"]
[EventRounds "9"]
[EventType "swiss"]
[EventDate "2025.06.07"]

1. e4 {[%clk 01:30:59]} {[%emt 16:47:45]} e5 {[%emt 00:00:13]} 2. Nf3 {[%clk
01:31:22]} {[%emt 00:00:05]} Nc6 {[%clk 01:30:51]} {[%emt 00:00:28]} 3. Bc4
{[%clk 01:31:47]} {[%emt 00:00:04]} Nf6 {[%clk 01:30:47]} {[%emt 00:00:33]} 4.
Nc3 {[%clk 01:31:22]} {[%emt 00:00:57]} Nxe4 {[%clk 01:31:03]} {[%emt
00:00:15]} 5. Bxf7+ {[%clk 01:31:06]} {[%emt 00:00:45]} Kxf7 {[%clk 01:31:21]}
{[%emt 00:00:11]} 6. Nxe4 {[%clk 01:31:28]} {[%emt 00:00:09]} d5 {[%clk
01:30:36]} {[%emt 00:01:15]} 7. Ng3 {[%clk 01:29:43]} {[%emt 00:02:15]} Bc5
{[%clk 01:30:00]} {[%emt 00:01:02]} 8. c3 {[%clk 01:29:05]} {[%emt 00:01:11]}
Rf8 {[%clk 01:29:00]} {[%emt 00:01:27]} 9. d4 {[%clk 01:27:11]} {[%emt
00:02:24]} exd4 {[%clk 01:27:10]} {[%emt 00:02:23]} 10. cxd4 {[%clk 01:25:53]}
{[%emt 00:01:49]} Bb6 {[%clk 01:25:25]} {[%emt 00:02:13]} 11. O-O {[%clk
01:23:38]} {[%emt 00:02:46]} Kg8 {[%clk 01:20:57]} {[%emt 00:04:58]} 12. h3
{[%clk 01:20:11]} {[%emt 00:03:12]} Qd6 13. Be3 {[%clk 01:14:14]} {[%emt
00:05:11]} Bd7 14. a3 {[%emt 00:07:45]} Rae8 {[%emt 00:01:11]} 15. Qd3 {[%emt
00:03:01]} h6 {[%emt 00:07:02]} 16. Rfc1 {[%emt 00:02:35]} Bxh3 {[%clk
01:12:39]} {[%emt 00:00:03]} 17. Bxh6 {[%clk 01:02:42]} {[%emt 00:04:44]} Qxh6
{[%clk 01:12:29]} {[%emt 00:00:39]} 18. gxh3 {[%clk 01:02:42]} {[%emt
00:00:32]} Qxh3 {[%clk 01:12:19]} {[%emt 00:00:40]} 19. Ng5 {[%clk 00:57:54]}
{[%emt 00:05:18]} Qh6 {[%clk 01:12:26]} {[%emt 00:00:21]} 20. Qd2 {[%clk
00:58:10]} {[%emt 00:00:09]} Nxd4 {[%clk 01:12:37]} {[%emt 00:00:25]} 21. Kg2
{[%clk 00:58:05]} {[%emt 00:00:29]} Ne6 {[%emt 00:01:34]} 22. Rf1 {[%clk
00:55:03]} {[%emt 00:03:05]} Qxg5 {[%clk 01:12:02]} {[%emt 00:00:34]} 23. Qxg5
{[%clk 00:55:20]} {[%emt 00:00:13]} Nxg5 {[%clk 01:12:18]} {[%emt 00:00:14]}
24. Rad1 {[%clk 00:55:22]} {[%emt 00:00:28]} c6 {[%clk 01:12:20]} {[%emt
00:00:29]} 25. Rd2 {[%clk 00:54:03]} {[%emt 00:01:49]} Ne4 {[%clk 01:11:52]}
{[%emt 00:00:57]} 26. Nxe4 {[%clk 00:54:20]} {[%emt 00:00:14]} Rxe4 {[%clk
01:12:16]} {[%emt 00:00:06]} 27. f3 {[%clk 00:54:09]} {[%emt 00:00:41]} Ref4
{[%clk 01:12:24]} {[%emt 00:00:21]} 28. Rd3 {[%clk 00:54:27]} {[%emt 00:00:12]}
g5 {[%clk 01:12:28]} {[%emt 00:00:26]} 29. Kg3 {[%clk 00:54:28]} {[%emt
00:00:26]} Bc7 {[%clk 01:12:35]} {[%emt 00:00:26]} 30. Kg2 {[%clk 00:54:48]}
{[%emt 00:00:11]} g4 {[%clk 01:12:44]} {[%emt 00:00:20]} 31. b3 {[%clk
00:55:06]} {[%emt 00:00:13]} gxf3+ {[%clk 01:12:45]} {[%emt 00:00:29]} 32.
Rfxf3 {[%clk 00:55:19]} {[%emt 00:00:18]} Rxf3 {[%clk 01:12:59]} {[%emt
00:00:15]} 33. Rxf3 {[%clk 00:55:43]} {[%emt 00:00:05]} Rxf3 {[%clk 01:13:16]}
{[%emt 00:00:13]} 34. Kxf3 {[%clk 00:56:08]} {[%emt 00:00:06]} Kf7 {[%clk
01:13:32]} 35. b4 {[%clk 00:56:33]} {[%emt 00:00:19]} Bd6 {[%clk 01:13:47]} 36.
b5 {[%clk 00:56:57]} {[%emt 00:00:21]} Bxa3 {[%clk 01:14:02]} 37. bxc6 {[%clk
00:57:17]} {[%emt 00:00:24]} bxc6 {[%clk 01:14:25]} 0-1

[Event "ODJM C 2025"]
[Site "Willingen GER"]
[Date "2025.06.12"]
[Round "7"]
[White "Hantke, Florian"]
[Black "Winkler, Theo"]
[Result "1/2-1/2"]
[Termination "normal"]
[Board "7"]
[WhiteElo "1517"]
[BlackElo "1466"]
[WhiteClock "00:14:23"]
[BlackClock "00:47:59"]
[PlyCount "57"]
[WhiteFideId "34638962"]
[BlackFideId "34622330"]
[EventCountry "GER"]
[EventRounds "9"]
[EventType "swiss"]
[EventDate "2025.06.07"]

1. e4 {[%clk 01:30:42]} {[%emt 00:00:17]} c5 {[%clk 01:30:44]} {[%emt
00:00:15]} 2. a3 {[%clk 01:30:39]} {[%emt 00:00:34]} Nc6 {[%clk 01:29:50]}
{[%emt 00:01:23]} 3. b4 {[%clk 01:30:27]} {[%emt 00:00:43]} cxb4 {[%clk
01:28:22]} {[%emt 00:01:57]} 4. axb4 {[%clk 01:30:38]} {[%emt 00:00:20]} Nxb4
{[%clk 01:27:49]} {[%emt 00:01:03]} 5. d4 {[%clk 01:30:34]} {[%emt 00:00:33]}
d5 {[%clk 01:24:12]} {[%emt 00:04:07]} 6. c3 {[%clk 01:25:16]} {[%emt
00:05:49]} Nc6 {[%clk 01:22:55]} {[%emt 00:01:46]} 7. exd5 {[%clk 01:25:28]}
{[%emt 00:00:19]} Qxd5 {[%clk 01:23:07]} {[%emt 00:00:18]} 8. Na3 {[%clk
01:24:42]} {[%emt 00:01:15]} e5 {[%clk 01:21:07]} {[%emt 00:02:29]} 9. Bc4
{[%clk 01:18:59]} {[%emt 00:06:14]} Qxg2 {[%clk 01:20:54]} {[%emt 00:00:41]}
10. Qf3 {[%clk 00:51:29]} {[%emt 00:28:01]} Qxf3 {[%clk 01:21:10]} {[%emt
00:00:15]} 11. Nxf3 {[%clk 00:51:54]} {[%emt 00:00:05]} a6 {[%clk 01:20:39]}
{[%emt 00:01:01]} 12. Nb5 {[%clk 00:49:42]} {[%emt 00:02:42]} Rb8 {[%clk
01:19:14]} {[%emt 00:01:54]} 13. Nc7+ {[%clk 00:49:39]} {[%emt 00:00:35]} Kd8
{[%clk 01:19:18]} {[%emt 00:00:26]} 14. Nd5 {[%clk 00:45:05]} {[%emt 00:05:04]}
exd4 {[%clk 01:16:06]} {[%emt 00:03:42]} 15. cxd4 {[%clk 00:45:21]} {[%emt
00:00:14]} Bg4 {[%clk 01:15:32]} {[%emt 00:01:04]} 16. Ng5 {[%clk 00:45:20]}
{[%emt 00:00:31]} Nh6 {[%clk 01:12:50]} {[%emt 00:03:11]} 17. Bf4 {[%clk
00:44:11]} {[%emt 00:01:40]} Ra8 {[%clk 01:08:20]} {[%emt 00:05:00]} 18. Bc7+
{[%clk 00:43:29]} {[%emt 00:01:13]} Ke8 {[%clk 01:07:34]} {[%emt 00:01:15]} 19.
Bf4 {[%clk 00:41:33]} {[%emt 00:02:27]} Bb4+ {[%clk 01:05:46]} {[%emt
00:02:18]} 20. Kf1 {[%clk 00:40:55]} {[%emt 00:01:08]} Rd8 {[%clk 01:03:38]}
{[%emt 00:02:36]} 21. h3 {[%clk 00:34:14]} {[%emt 00:07:11]} Bf5 {[%clk
01:00:34]} {[%emt 00:03:35]} 22. Nc7+ {[%clk 00:31:40]} {[%emt 00:03:05]} Kf8
{[%clk 00:55:57]} {[%emt 00:05:06]} 23. d5 {[%clk 00:30:48]} {[%emt 00:01:22]}
Ne7 {[%clk 00:52:43]} {[%emt 00:03:44]} 24. Rd1 {[%clk 00:20:18]} {[%emt
00:11:01]} Bd6 {[%clk 00:51:34]} {[%emt 00:01:38]} 25. Bg3 {[%clk 00:20:32]}
{[%emt 00:00:16]} f6 {[%clk 00:49:23]} {[%emt 00:02:41]} 26. Nge6+ {[%clk
00:20:41]} {[%emt 00:00:22]} Kf7 {[%clk 00:48:28]} {[%emt 00:01:23]} 27. Nxd8+
{[%clk 00:20:58]} {[%emt 00:00:14]} Rxd8 {[%clk 00:48:53]} {[%emt 00:00:05]}
28. Ne6 {[%clk 00:19:25]} {[%emt 00:02:03]} Rd7 {[%clk 00:47:59]} {[%emt
00:01:23]} 29. Kg2 {[%clk 00:14:23]} {[%emt 00:05:32]} 1/2-1/2